| 000 | 01317cam a22003377a 4500 | ||
|---|---|---|---|
| 001 | 1314 | ||
| 005 | 20230814164634.0 | ||
| 008 | 160217s2008 enka j 001 0 eng | ||
| 020 |
_a9780439944526 _q(pbk.) |
||
| 020 |
_a043994452X _q(pbk.) |
||
| 040 |
_aUKM _beng _cUKM _dBTCTA _dYDXCP _dOCLCQ _dOCLCF _dOCLCO _dNTAUP _dOCLCQ _dDLC |
||
| 050 | 0 | 0 |
_aQL476.5 _b.A76 2008 |
| 082 | 0 | 4 |
_a595.7 _222 |
| 100 | 1 | _aArnold, Nick. | |
| 245 | 1 | 0 |
_aUgly bugs / _cNick Arnold ; illustrated by Tony De Saulles. |
| 260 |
_aLondon : _bScholastic, _c1996. |
||
| 300 |
_a141 pages : _bIllustrations ; _c20 cm. |
||
| 490 | 1 | _aHorrible science | |
| 500 | _aOriginally published: London: Hippo, 1996. | ||
| 500 | _aIncludes index. | ||
| 505 | _aU | ||
| 520 | _aThis series looks at the nastier side of science. Ugly Bugs looks at some grim families of bugs and tests the theories of disguise. It explains what slugs do with their slime, why flies throw up in your tea, and how insects drink your blood. | ||
| 521 |
_a840
_bLexile |
||
| 521 |
_aU
_bRaz-Plus |
||
| 650 | 0 |
_aInsects _vJuvenile literature. |
|
| 650 | 7 |
_aInsects. _2fast _0(OCoLC)fst00974074 |
|
| 655 | 7 |
_aJuvenile works. _2fast _0(OCoLC)fst01411637 |
|
| 700 | 1 | _aDe Saulles, Tony. | |
| 906 |
_a7 _bcbc _ccopycat _d2 _encip _f20 _gy-gencatlg |
||
| 942 |
_2ddc _cBK _n0 |
||
| 999 |
_c1314 _d1314 |
||